Pays par plat culturel. - Statistiques

Statistiques générales
  • Ce quiz a été pris 467 fois
    401 depuis la dernière actualisation
  • Le résultat moyen est 9 sur 15
Statistiques - réponses
Par images Réponse % Correct
japon
99%
italie
98%
espagne
93%
mexique
91%
Algerie
88%
angleterre
76%
france
72%
inde
69%
suisse
64%
liban
50%
turquie
39%
senegal
23%
portugal
19%
russie
19%
bresil
13%
Aucun quiz correspondant
Distribution des résultats
% des personnes avec chaque résultat
Percentile par nombre de réponses
Votre historique - résultats
Vous n’avez pas pris ce quiz depuis la dernière actualisation